<?xml version="1.0" encoding="UTF-8"?>
<record
    xmlns:xsi="http://www.w3.org/2001/XMLSchema-instance"
    xsi:schemaLocation="http://www.loc.gov/MARC21/slim http://www.loc.gov/standards/marcxml/schema/MARC21slim.xsd"
    xmlns="http://www.loc.gov/MARC21/slim">

  <leader>01383nam a2200277 i 4500</leader>
  <controlfield tag="003">CO-BoRNBP</controlfield>
  <controlfield tag="005">20230321191805.0</controlfield>
  <controlfield tag="008">160801s2008    sp a   gr     000 f spa d</controlfield>
  <datafield tag="020" ind1=" " ind2=" ">
    <subfield code="a">9789978491348</subfield>
  </datafield>
  <datafield tag="040" ind1=" " ind2=" ">
    <subfield code="c">CO-MqBPB</subfield>
  </datafield>
  <datafield tag="041" ind1="1" ind2=" ">
    <subfield code="a">spa</subfield>
  </datafield>
  <datafield tag="082" ind1=" " ind2=" ">
    <subfield code="a">JN</subfield>
    <subfield code="b">HESl</subfield>
  </datafield>
  <datafield tag="100" ind1="1" ind2=" ">
    <subfield code="a">Hesse, Hermann</subfield>
    <subfield code="d">1877-1962</subfield>
    <subfield code="e">autor</subfield>
    <subfield code="9">233550</subfield>
  </datafield>
  <datafield tag="245" ind1="1" ind2="3">
    <subfield code="a">El lobo estepario;</subfield>
    <subfield code="c">Hermann Hesse ; traducido por Manuel Manzanares.</subfield>
  </datafield>
  <datafield tag="250" ind1=" " ind2=" ">
    <subfield code="a">Segunda edici&#xF3;n</subfield>
  </datafield>
  <datafield tag="264" ind1=" " ind2="1">
    <subfield code="a">Ecuador;</subfield>
    <subfield code="b">Libresa,</subfield>
    <subfield code="c">2013</subfield>
  </datafield>
  <datafield tag="300" ind1=" " ind2=" ">
    <subfield code="a">271 p&#xE1;ginas;</subfield>
    <subfield code="c">20 cm,</subfield>
    <subfield code="b">Tapa R&#xFA;stica.</subfield>
  </datafield>
  <datafield tag="490" ind1="0" ind2=" ">
    <subfield code="v">2a.ed.</subfield>
  </datafield>
  <datafield tag="500" ind1=" " ind2=" ">
    <subfield code="a">Werther, un joven artista de temperamento sensible y apasionado, escribe una serie de cartas a un amigo en las que revela el sentimiento de amor que le inspira Carlota, una hermosa joven que cuida a sus hermanos despu&#xE9;s de la muerte de su madre. Desafortunadamente Carlota est&#xE1; comprometida con un hombre once a&#xF1;os mayor que ella. A pesar de la pena que esta relaci&#xF3;n le origina, Werther cultiva una amistad &#xED;ntima con la joven y su novio. Cuando la pareja se casa, los sufrimientos del joven Werther llegan a su l&#xED;mite.</subfield>
  </datafield>
  <datafield tag="534" ind1=" " ind2=" ">
    <subfield code="t">Der steppenwolf</subfield>
  </datafield>
  <datafield tag="650" ind1="1" ind2="7">
    <subfield code="a">Novela alemana</subfield>
    <subfield code="y">Siglo XIX</subfield>
    <subfield code="2">ARMARC</subfield>
    <subfield code="9">233551</subfield>
  </datafield>
  <datafield tag="650" ind1="1" ind2="7">
    <subfield code="a">Literatura alemana</subfield>
    <subfield code="y">Siglo XIX</subfield>
    <subfield code="2">ARMARC</subfield>
    <subfield code="9">233552</subfield>
  </datafield>
  <datafield tag="650" ind1="1" ind2="7">
    <subfield code="a">Amor en la literatura</subfield>
    <subfield code="2">ARMARC</subfield>
    <subfield code="9">233553</subfield>
  </datafield>
  <datafield tag="700" ind1="1" ind2=" ">
    <subfield code="a">Manzanares, Manuel</subfield>
    <subfield code="e">traductor.</subfield>
    <subfield code="9">233554</subfield>
  </datafield>
  <datafield tag="942" ind1=" " ind2=" ">
    <subfield code="2">ddc</subfield>
    <subfield code="c">BKLIT</subfield>
  </datafield>
  <datafield tag="999" ind1=" " ind2=" ">
    <subfield code="c">14850</subfield>
    <subfield code="d">14850</subfield>
  </datafield>
  <datafield tag="952" ind1=" " ind2=" ">
    <subfield code="0">0</subfield>
    <subfield code="1">0</subfield>
    <subfield code="2">ddc</subfield>
    <subfield code="4">0</subfield>
    <subfield code="7">0</subfield>
    <subfield code="8">LJ</subfield>
    <subfield code="a">BPMOS</subfield>
    <subfield code="b">BPMOS</subfield>
    <subfield code="c">FIC</subfield>
    <subfield code="d">2023-03-21</subfield>
    <subfield code="e">Donaci&#xF3;n</subfield>
    <subfield code="l">2</subfield>
    <subfield code="o">JN HESl</subfield>
    <subfield code="p">MOS503077</subfield>
    <subfield code="r">2024-04-04</subfield>
    <subfield code="s">2024-03-09</subfield>
    <subfield code="t">Ej. 1</subfield>
    <subfield code="w">2023-03-21</subfield>
    <subfield code="y">BKLIT</subfield>
    <subfield code="z">Quince d&#xED;as</subfield>
  </datafield>
</record>
